| 000 | 00996cam a22002775a 4500 | ||
|---|---|---|---|
| 001 | 18479595 | ||
| 005 | 20160309133620.0 | ||
| 008 | 150204t2014 enka frb 001 0 eng d | ||
| 015 |
_a14,A24 _2dnb |
||
| 020 | _a9781850972525 (hbk.) | ||
| 020 | _a1850972524 (hbk.) | ||
| 035 | _a(OCoLC)ocn870978432 | ||
| 040 |
_aUKMGB _beng _cUKMGB _dBTCTA _dGWDNB _dOCLCO _dVET _dUAB _dOCLCF _dYDXCP _dDLC _dEG-ScBUE |
||
| 082 | 0 | 4 |
_222 _a617.4770592 _bILL |
| 245 | 0 | 0 |
_aIllustrated guide to chemical peels : _bbasics, indications, uses / _cMark G. Rubin ... [et al.] |
| 250 | _aTranslated, rev., and extended 1st ed. | ||
| 260 |
_aSurrey : _bQuintessence Publishing Group, _cc.2014. |
||
| 300 |
_axiv, 261 p. : _bill. (chiefly col.) ; _c31 cm. |
||
| 490 | 0 | _aAesthetic methods for skin rejuvenation series. | |
| 500 | _aIndex : p. 259-261. | ||
| 504 | _aBibliography : p. 254-258. | ||
| 650 | 7 |
_aChemical peel. _2BUEsh _939511 |
|
| 653 |
_bDDent _cMarch2016 |
||
| 700 | 1 |
_aRubin, Mark G. _939508 |
|
| 942 | _2ddc | ||
| 999 |
_c21355 _d21327 |
||